Telematic society : A challenge for tomorrow

সংরক্ষণ করুন:
গ্রন্থ-পঞ্জীর বিবরন
প্রধান লেখক: Martin, James
বিন্যাস: গ্রন্থ
ভাষা:Undetermined
প্রকাশিত: New Jersey Prentice- Hall, Inc. 1981
বিষয়গুলি:
ট্যাগগুলো: ট্যাগ যুক্ত করুন
কোনো ট্যাগ নেই, প্রথমজন হিসাবে ট্যাগ করুন!
Thư viện lưu trữ: Trung tâm Học liệu Trường Đại học Cần Thơ
LEADER 00532nam a2200193Ia 4500
001 CTU_84161
008 210402s9999 xx 000 0 und d
082 |a 384 
082 |b M379 
100 |a Martin, James 
245 0 |a Telematic society : 
245 2 |b A challenge for tomorrow 
245 0 |c James Martin 
260 |a New Jersey 
260 |b Prentice- Hall, Inc. 
260 |c 1981 
650 |a Computers,Electronic,Telecommunication 
904 |i QHieu(sửa) 
980 |a Trung tâm Học liệu Trường Đại học Cần Thơ